Szpaku - Najpopularniejsze numery na spotify - Statystyki

Ogólne statystyki
  • Ten quiz został rozwiązany 14 razy
  • Średni wynik to 6 z 10
Statystyki odpowiedzi
Nazwa utworu Liczba
odsłuchań
Featy % Poprawnych
3 #Hot16Challenge2 35,232,573
100%
1 Hinata 60,503,502
90%
4 Oddajemy krew wampirom 33,636,242 Włodi
80%
2 Plaster 57,186,399
80%
6 WIĘŹ 23,774,282 Vae Vistic
70%
9 Ja YETI 18,405,162
40%
10 NA ZAWSZE 17,352,362 Chivas
40%
5 UFO 29,624,397
40%
8 W krainie czarów 21,567,312
20%
7 MINIMINI 22,708,728
10%
Nie znaleziono quizów pasujących do podanych kryteriów
Rozkład punktacji
Procent ludzi z każdym wynikiem
Percentyl według liczby udzielonych odpowiedzi
Twoja historia wyników
Nie rozwiązałeś tego quizu